[Event "Titled Tuesday intern op 24th Oct Late"]
[Site "Chess.com INT"]
[Date "2023.10.24"]
[Round "3"]
[White "Atanasov, Anthony"]
[Black "Belli, Giorgio"]
[Result "0-1"]
[WhiteElo "2406"]
[BlackElo "2137"]
[PlyCount "66"]
[EventDate "2023.10.24"]
[EventType "swiss (blitz)"]
[EventRounds "11"]
[EventCountry "USA"]
[SourceTitle "Mega2024 Update 01"]
[Source "Chessbase"]
[SourceDate "2023.11.12"]
[SourceVersion "1"]
[SourceVersionDate "2023.11.12"]
[SourceQuality "1"]

1. d4 Nf6 2. Nf3 e6 3. Bf4 d6 4. e3 c5 5. dxc5 Qa5+ 6. Nbd2 Qxc5 7. c3 Qc7 8. Nc4 e5 9. Nfxe5 dxe5 10. Bxe5 Qc6 11. a4 a6 12. Nd6+ Bxd6 13. Bxd6 Qd5 14. c4 Qxd1+ 15. Rxd1 Be6 16. f3 Nc6 17. e4 0-0-0 18. c5 Rhe8 19. Kf2 Nd7 20. b4 Nxb4 21. Rb1 Nc6 22. Be2 f5 23. Rb2 fxe4 24. fxe4 Nf6 25. Ke3 Bd5 26. Rhb1 Rxe4+ 27. Kf2 Nd4 28. Bxa6 bxa6 29. Rb8+ Kd7 30. Rxd8+ Kxd8 31. Rb7 Re2+ 32. Kf1 Bxg2+ 33. Kg1 Nf3# 0-1

[Event "Titled Tuesday intern op 29th Aug Late"]
[Site "Chess.com INT"]
[Date "2023.08.29"]
[Round "4"]
[White "Belli, Giorgio"]
[Black "Spata, German"]
[Result "0-1"]
[WhiteElo "2164"]
[BlackElo "2376"]
[PlyCount "114"]
[EventDate "2023.08.29"]
[EventType "swiss (blitz)"]
[EventRounds "11"]
[EventCountry "USA"]
[SourceTitle "EXT 2024"]
[Source "ChessBase"]
[SourceDate "2023.10.10"]
[SourceVersion "1"]
[SourceVersionDate "2023.10.10"]
[SourceQuality "1"]

1. e4 e5 2. Nf3 Nf6 3. Nc3 Nc6 4. d4 exd4 5. Nxd4 Bb4 6. Nxc6 bxc6 7. Bd3 d5 8. Bd2 0-0 9. 0-0 Rb8 10. Re1 Be6 11. e5 Nd7 12. f4 Nc5 13. Ne2 Nxd3 14. cxd3 Bc5+ 15. d4 Bb6 16. Rc1 Qd7 17. Bb4 Rfe8 18. Qd2 Bg4 19. Ng3 h5 20. Bc5 h4 21. Nh1 Qf5 22. Rc3 Re6 23. h3 Bh5 24. Rec1 Rg6 25. Kh2 Qe4 26. Qf2 Rh6 27. Re3 Qf5 28. Rec3 Kh8 29. b4 g5 30. Be7 Qxf4+ 31. Qxf4 gxf4 32. Rxc6 Rxc6 33. Rxc6 Kg7 34. Bxh4 Bxd4 35. Bf6+ Kg8 36. a3 Bb6 37. Bg5 d4 38. Bxf4 Rd8 39. e6 fxe6 40. Rxe6 d3 41. Ng3 Bf7 42. Re1 Bb3 43. Bd2 Bd4 44. Re4 Bb2 45. Nf5 Kf7 46. g4 Bd5 47. Re7+ Kf6 48. Rxc7 Be5+ 49. Kg1 Bxc7 50. h4 Bb6+ 51. Kh2 Be4 52. Bg5+ Ke5 53. Bxd8 Bxf5 54. Bxb6 axb6 55. h5 Bxg4 56. h6 Bf5 57. Kg3 d2 0-1

[Event "Titled Tuesday intern op 29th Aug Late"]
[Site "Chess.com INT"]
[Date "2023.08.29"]
[Round "2"]
[White "Belli, Giorgio"]
[Black "Vargas, Mauricio"]
[Result "1-0"]
[WhiteElo "2164"]
[BlackElo "2035"]
[PlyCount "57"]
[EventDate "2023.08.29"]
[EventType "swiss (blitz)"]
[EventRounds "11"]
[EventCountry "USA"]
[SourceTitle "EXT 2024"]
[Source "ChessBase"]
[SourceDate "2023.10.10"]
[SourceVersion "1"]
[SourceVersionDate "2023.10.10"]
[SourceQuality "1"]

1. e4 d5 2. exd5 Qxd5 3. Nc3 Qa5 4. d4 c6 5. Nf3 Bg4 6. Be2 Nf6 7. 0-0 e6 8. Ne5 Bxe2 9. Nxe2 Bd6 10. Nc4 Qc7 11. Nxd6+ Qxd6 12. Bf4 Qe7 13. c4 Nbd7 14. c5 e5 15. Bg3 0-0-0 16. Qa4 Kb8 17. Rfe1 Ka8 18. dxe5 Nxc5 19. exf6 Qxf6 20. Qh4 Qxb2 21. Rab1 Qxa2 22. Qe7 Rhe8 23. Qxc5 Rxe2 24. Qb4 Rxe1+ 25. Rxe1 a5 26. Qb6 Qd2 27. Rf1 a4 28. Bf4 Qd1 29. Qa5# 1-0

[Event "Titled Tuesday intern op 29th Aug Late"]
[Site "Chess.com INT"]
[Date "2023.08.29"]
[Round "3"]
[White "Dyachuk, Artem"]
[Black "Belli, Giorgio"]
[Result "0-1"]
[WhiteElo "2242"]
[BlackElo "2164"]
[PlyCount "118"]
[EventDate "2023.08.29"]
[EventType "swiss (blitz)"]
[EventRounds "11"]
[EventCountry "USA"]
[SourceTitle "EXT 2024"]
[Source "ChessBase"]
[SourceDate "2023.10.10"]
[SourceVersion "1"]
[SourceVersionDate "2023.10.10"]
[SourceQuality "1"]

1. e4 c5 2. Nf3 d6 3. d4 cxd4 4. Nxd4 Nf6 5. Nc3 a6 6. h3 e6 7. g4 h6 8. Bg2 Be7 9. Be3 Nc6 10. Qe2 Nxd4 11. Bxd4 e5 12. Be3 Be6 13. 0-0 Rc8 14. a4 Bc4 15. Qd2 Bxf1 16. Rxf1 0-0 17. f4 exf4 18. Bxf4 Qb6+ 19. Kh2 Qxb2 20. Rf3 Nxe4 21. Nxe4 Rxc2 22. Rf2 Rxd2 23. Rxd2 Qb4 24. Bg3 Rd8 25. Rf2 d5 26. Nd2 Bd6 27. Nf1 d4 28. Bf3 Qe1 29. Kg2 Bxg3 30. Nxg3 d3 31. Rf1 d2 32. Bd1 Rd3 33. Nh1 Rxh3 34. Nf2 Rh2+ 35. Kxh2 Qxf1 36. Kg3 g6 37. a5 Kg7 38. Bb3 Qb5 39. Bd1 Qxa5 40. g5 Qxg5+ 41. Kf3 Qf5+ 42. Ke2 Qg5 43. Nd3 f5 44. Kf3 h5 45. Nf4 Qg4+ 46. Ke3 Qxd1 47. Ne6+ Kf6 48. Nc5 Qg1+ 49. Kxd2 Qxc5 50. Kd3 Qd5+ 51. Ke2 Qe4+ 52. Kd2 h4 53. Kc3 h3 54. Kd2 h2 55. Kc3 h1Q 56. Kd2 Qhg2+ 57. Kc3 Qgf3+ 58. Kd2 Qee2+ 59. Kc1 Qff1# 0-1

[Event "Titled Tuesday intern op 04th Jul Late"]
[Site "Chess.com INT"]
[Date "2023.07.04"]
[Round "6"]
[White "Belli, Giorgio"]
[Black "Mendes, Aaron Reeve"]
[Result "1-0"]
[WhiteElo "2208"]
[BlackElo "2134"]
[PlyCount "51"]
[EventDate "2023.07.04"]
[EventType "swiss (blitz)"]
[EventRounds "11"]
[EventCountry "USA"]
[SourceTitle "EXT 2024"]
[Source "ChessBase"]
[SourceDate "2023.10.10"]
[SourceVersion "1"]
[SourceVersionDate "2023.10.10"]
[SourceQuality "1"]

1. e4 c5 2. Nf3 d6 3. Nc3 Nf6 4. e5 dxe5 5. Nxe5 Nbd7 6. d4 Nxe5 7. dxe5 Qxd1+ 8. Nxd1 Nd7 9. f4 e6 10. Nc3 a6 11. Be3 g5 12. g3 b5 13. Bg2 Rb8 14. Ne4 gxf4 15. gxf4 Bb7 16. 0-0-0 Be7 17. Rd2 Nb6 18. Nd6+ Bxd6 19. Bxb7 Rxb7 20. Rxd6 Nc4 21. Rxa6 0-0 22. Bxc5 Rc8 23. Rg1+ Kh8 24. Bf2 Nb6 25. Rxb6 Rbc7 26. c3 1-0

[Event "Titled Tuesday intern op 06th Jun Late"]
[Site "Chess.com INT"]
[Date "2023.06.06"]
[Round "6"]
[White "Belli, Giorgio"]
[Black "Tarnowska, Aleksandra"]
[Result "0-1"]
[WhiteElo "2194"]
[BlackElo "1835"]
[PlyCount "104"]
[EventDate "2023.06.06"]
[EventType "swiss (blitz)"]
[EventRounds "11"]
[EventCountry "USA"]
[SourceTitle "EXT 2024"]
[Source "ChessBase"]
[SourceDate "2023.10.10"]
[SourceVersion "1"]
[SourceVersionDate "2023.10.10"]
[SourceQuality "1"]

1. e4 c5 2. Nf3 e6 3. c4 Qc7 4. Nc3 Nf6 5. d4 cxd4 6. Nxd4 Bb4 7. Bd3 Nc6 8. Nxc6 dxc6 9. 0-0 e5 10. Ne2 a5 11. Ng3 Bc5 12. h3 Be6 13. Qf3 h6 14. Nf5 Bxf5 15. Qxf5 a4 16. Kh1 Rd8 17. Bc2 b5 18. f4 Bd4 19. Rb1 0-0 20. g4 Qd7 21. fxe5 Qxf5 22. Rxf5 Nd7 23. Bf4 Rfe8 24. cxb5 cxb5 25. e6 Rxe6 26. Rxb5 Nc5 27. Bc7 Rde8 28. Bb6 Re5 29. Bxc5 Bxc5 30. Re1 Bd4 31. Rxe5 Rxe5 32. Bxa4 Bxb2 33. Bc6 Bc3 34. Bd5 Bxe1 35. a4 Bb4 36. Kg2 g6 37. Kf3 Kf8 38. Ke3 Bc5+ 39. Kd3 Ke7 40. Kc4 Kd6 41. Kb5 f5 42. exf5 gxf5 43. Bf3 Re3 44. Bd1 Rc3 45. gxf5 Rxh3 46. a5 Rd3 47. Bg4 Rb3+ 48. Kc4 Rb4+ 49. Kc3 Rxg4 50. a6 Ra4 51. f6 Rxa6 52. f7 Ke7 0-1

[Event "Titled Tuesday intern op 06th Jun Late"]
[Site "Chess.com INT"]
[Date "2023.06.06"]
[Round "9"]
[White "Kornyukov, Alexey"]
[Black "Belli, Giorgio"]
[Result "1-0"]
[WhiteElo "2452"]
[BlackElo "2194"]
[PlyCount "61"]
[EventDate "2023.06.06"]
[EventType "swiss (blitz)"]
[EventRounds "11"]
[EventCountry "USA"]
[SourceTitle "EXT 2024"]
[Source "ChessBase"]
[SourceDate "2023.10.10"]
[SourceVersion "1"]
[SourceVersionDate "2023.10.10"]
[SourceQuality "1"]

1. d4 Nf6 2. c4 e6 3. Nc3 Bb4 4. f3 d5 5. a3 Bxc3+ 6. bxc3 0-0 7. e3 c5 8. cxd5 exd5 9. Bd3 Qa5 10. Bd2 Nc6 11. Ne2 Re8 12. 0-0 Bd7 13. Ng3 Rac8 14. Rb1 b6 15. e4 cxd4 16. cxd4 Qxa3 17. Rb3 Qa4 18. Bg5 Nxd4 19. Bxf6 gxf6 20. Nh5 Qxb3 21. Qd2 Ne6 22. Qh6 Qc3 23. exd5 Qd4+ 24. Kh1 f5 25. Bxf5 Bb5 26. Bxh7+ Kh8 27. Bg6+ Kg8 28. Bh7+ Kh8 29. dxe6 Qe5 30. Bg6+ Kg8 31. exf7# 1-0

[Event "Titled Tuesday intern op 25th Apr Late"]
[Site "Chess.com INT"]
[Date "2023.04.25"]
[Round "1"]
[White "Belli, Giorgio"]
[Black "Piesik, Piotr"]
[Result "0-1"]
[WhiteElo "2178"]
[BlackElo "2437"]
[PlyCount "64"]
[EventDate "2023.04.25"]
[EventType "swiss (blitz)"]
[EventRounds "11"]
[EventCountry "USA"]
[SourceTitle "EXT 2024"]
[Source "ChessBase"]
[SourceDate "2023.10.10"]
[SourceVersion "1"]
[SourceVersionDate "2023.10.10"]
[SourceQuality "1"]

1. e4 g6 2. d4 Bg7 3. Nc3 c6 4. Be3 d5 5. Qd2 dxe4 6. Nxe4 Nf6 7. Nxf6+ Bxf6 8. 0-0-0 Be6 9. c4 Nd7 10. Nf3 Nb6 11. b3 Bf5 12. Bd3 Qd7 13. Bxf5 Qxf5 14. Qd3 Qxd3 15. Rxd3 0-0-0 16. Rhd1 Rd7 17. Ne5 Bxe5 18. dxe5 Rhd8 19. Kc2 Rxd3 20. Rxd3 Nd7 21. f4 Kc7 22. Kc3 c5 23. a3 e6 24. b4 cxb4+ 25. axb4 a6 26. b5 axb5 27. cxb5 Ra8 28. Kb4 Ra2 29. b6+ Kd8 30. Rc3 Re2 31. Bd4 Nb8 32. Rc7 Na6+ 0-1

[Event "Titled Tuesday intern op 25th Apr Late"]
[Site "Chess.com INT"]
[Date "2023.04.25"]
[Round "11"]
[White "Kozin, Yuri"]
[Black "Belli, Giorgio"]
[Result "0-1"]
[WhiteElo "2251"]
[BlackElo "2178"]
[PlyCount "82"]
[EventDate "2023.04.25"]
[EventType "swiss (blitz)"]
[EventRounds "11"]
[EventCountry "USA"]
[SourceTitle "EXT 2024"]
[Source "ChessBase"]
[SourceDate "2023.10.10"]
[SourceVersion "1"]
[SourceVersionDate "2023.10.10"]
[SourceQuality "1"]

1. e4 c5 2. Nf3 d6 3. d4 cxd4 4. Nxd4 Nf6 5. Nc3 a6 6. Be3 Ng4 7. Bc1 Nf6 8. a4 e5 9. Nf3 Be7 10. Bg5 Be6 11. Bxf6 Bxf6 12. Nd5 Nd7 13. Bc4 0-0 14. 0-0 Nb6 15. Bb3 Rc8 16. c3 Be7 17. a5 Nc4 18. Bxc4 Rxc4 19. Qd3 Rc6 20. Rfd1 f5 21. Nd2 Bg5 22. Nc4 fxe4 23. Qxe4 Qe8 24. Nde3 Rf4 25. Nxd6 Rxd6 26. Qxe5 Rxd1+ 27. Rxd1 Qe7 28. g3 Rf8 29. h4 Bf6 30. Qe4 Qf7 31. Rd2 Bd8 32. Qe5 Bc7 33. Qg5 h6 34. Qc5 Kh7 35. b4 Bd8 36. c4 Bf6 37. b5 Rc8 38. Qb6 Bc3 39. Rd6 Bxc4 40. bxa6 Bxa6 41. Qb3 Qxb3 0-1